Производство изделий из полимерных материалов: учебное пособие

Dades bibliogràfiques
Altres autors: Крыжановский В. К. (редактор), Кербер М. Л., Бурлов В. В., Паниматченко А. Д.
Sumari:В книге системно изложены инженерные сведения по проектированию пластмассовых изделий с учетом основных характеристик промышленных марок термо- и реактопластов. Рассмотрены особенности их переработки и наиболее распространенные технологии производства. Приведены технологические, тепловые и механические расчеты основных разновидностей оборудования. Отдельно рассмотрены вопросы организации производства и использования отходов. Описание процессов переработки и их оснащения учитывает последние достижения в этой области. Приведены сведения по периферийной механизации с использованием промышленных роботов и транспортирующих устройств. Издание предназначено инженерам, технологам, менеджерам и руководителям предприятий полимерной промышленности, а также рекомендуется в качестве учебного пособия студентам профильных специальностей высших и средних специальных учебных заведений.
Idioma:rus
Publicat: СПб., Профессия, 2004
Col·lecció:Справочник
Matèries:
Format: Llibre
KOHA link:https://koha.lib.tpu.ru/cgi-bin/koha/opac-detail.pl?biblionumber=82716

MARC

LEADER 00000nam0a2200000 4500
001 82716
005 20231031095835.0
010 |a 593913064X 
035 |a (RuTPU)RU\TPU\book\88892 
090 |a 82716 
100 |a 20051006d2004 m y0rusy50 ca 
101 0 |a rus 
102 |a RU 
105 |a a gj 001zy 
200 1 |a Производство изделий из полимерных материалов  |e учебное пособие  |f В. К. Крыжановский [и др.] 
210 |a СПб.  |c Профессия  |d 2004 
215 |a 461 с.  |c ил. 
225 1 |a Справочник 
320 |a Библиография в конце глав. 
320 |a Алфавитно-предметный указатель: с. 455-460. 
330 |a В книге системно изложены инженерные сведения по проектированию пластмассовых изделий с учетом основных характеристик промышленных марок термо- и реактопластов. Рассмотрены особенности их переработки и наиболее распространенные технологии производства. Приведены технологические, тепловые и механические расчеты основных разновидностей оборудования. Отдельно рассмотрены вопросы организации производства и использования отходов. Описание процессов переработки и их оснащения учитывает последние достижения в этой области. Приведены сведения по периферийной механизации с использованием промышленных роботов и транспортирующих устройств. Издание предназначено инженерам, технологам, менеджерам и руководителям предприятий полимерной промышленности, а также рекомендуется в качестве учебного пособия студентам профильных специальностей высших и средних специальных учебных заведений. 
610 1 |a полимеры 
610 1 |a полимерные материалы 
610 1 |a пластмассовые изделия 
610 1 |a проектирование 
610 1 |a конструктивное оформление 
610 1 |a штучные изделия 
610 1 |a промышленные пластмассы 
610 1 |a свойства 
610 1 |a переработка 
610 1 |a пластикаторы 
610 1 |a полимерные расплавы 
610 1 |a реология 
610 1 |a экструзионное оборудование 
610 1 |a соэкструзионная технология 
610 1 |a экструзионные изделия 
610 1 |a производство 
610 1 |a трубы 
610 1 |a шланги 
610 1 |a рукавная пленка 
610 1 |a плоские пленки 
610 1 |a листы 
610 1 |a полимерная изоляция 
610 1 |a литье под давлением 
610 1 |a экструзионно-выдувное формование 
610 1 |a реактопласты 
610 1 |a прессование 
610 1 |a каландрование 
610 1 |a ротационное формование 
610 1 |a центробежное формование 
610 1 |a термоформование 
610 1 |a армированные полимерные материалы 
610 1 |a спекание 
610 1 |a оплавление 
610 1 |a сварка 
610 1 |a склеивание 
610 1 |a робототехника 
610 1 |a транспортирующие машины 
610 1 |a материальный баланс 
610 1 |a расчеты 
610 1 |a справочники 
610 1 |a учебные пособия 
675 |a 678.06(075.8)  |v 3 
701 1 |a Крыжановский  |b В. К. 
701 1 |a Кербер  |b М. Л. 
701 1 |a Бурлов  |b В. В. 
701 1 |a Паниматченко  |b А. Д. 
702 1 |a Крыжановский  |b В. К.  |4 340 
801 1 |a RU  |b 63413507  |c 20051006  |g PSBO 
801 2 |a RU  |b 63413507  |c 20201029  |g PSBO 
900 |a Технология пластических масс 
942 |c BK 
951 |b 240502 
959 |a 80/20051006  |d 5  |e 649  |f ЧЗТЛ:2, НФ:3